000 00781nam a2200301Ia 4500
001 96242
003 IT-RoPAU
008 130308s9999 xx 000 0 und d
040 _aIT-RoPAU
040 _cIT-RoPAU
041 _aITALIANO
100 _aBiagi Enzo
100 _gCodice Aut. SPICS: 11483
245 _a"Bombe ""pulite"" o acque ""sporche""?"
245 _bQuante Storie
250 _a1a ed.
260 _aFIRENZE
260 _bSansoni
260 _c1990 [1° Ed.:1990 - Ed.Ling.Originale:1990]
300 _a"3 p. (prefazione: no ; testo: 3 [pagine: 51-53])"
650 _aTECNICA GIORNALISTICA
650 _eCodice materia Spics: 7052
700 _aJungk Robert
700 _gCodice Aut. SPICS: 33313
942 _cBK
957 _71
999 _c86198
_d86198
999 _g1